Statistics for Modern Countries what were Empires

Click here to take the quiz!

General Stats

  • This quiz has been taken 71 times
  • The average score is 12 of 15

Answer Stats

HintAnswer% Correct
26%United Kingdom
100%
8.5%France
95%
17%Russia
95%
9%China
94%
4%Italy
94%
10%Spain
92%
6%Japan
91%
4%Portugal
89%
18%Mongolia
83%
4%Turkey
83%
4%India
82%
6%Brazil
67%
8%Saudi Arabia
41%
4%Kazakhstan
30%
4%Macedonia
23%

Score Distribution

Percentile by Number Answered

Percent of People with Each Score

Your Score History

You have not taken this quiz